[Event "14. Obert Int. Sant Marti 2012"]
[Site "Barcelona ESP"]
[Date "2012.07.13"]
[Round "1.2"]
[White "Tomov, Georgi"]
[Black "Quesada Perez, Yuniesky"]
[Result "0-1"]
[WhiteElo "2263"]
[BlackElo "2626"]
[PlyCount "146"]
[EventDate "2012.07.13"]
[EventType "swiss"]
[EventRounds "9"]
[EventCountry "ESP"]
[SourceTitle "Ajedrez en Madrid"]
[Source "lmi"]
[SourceDate "2012.07.13"]
[SourceVersion "1"]
[SourceVersionDate "2019.06.21"]
[SourceQuality "1"]

1. Nf3 Nf6 2. c4 b6 3. g3 Bb7 4. Bg2 c5 5. O-O g6 6. b3 Bg7 7. Bb2 O-O 8. Nc3
d6 9. e3 e6 10. d4 Qe7 11. Qd2 Rd8 12. d5 exd5 13. cxd5 Nbd7 14. Rfe1 b5 15.
Nxb5 Ne4 16. Qc2 Bxb2 17. Qxb2 Ndf6 18. Nd2 Bxd5 19. Rad1 Nxf2 20. Kxf2 Ng4+
21. Kg1 Bxg2 22. Kxg2 Qb7+ 23. e4 Qxb5 24. Nc4 Qc6 25. h3 Ne5 26. Nxe5 dxe5 27.
Qxe5 Qa6 28. Qb2 Rd4 29. Rxd4 cxd4 30. Rd1 d3 31. Rd2 Rd8 32. Qc3 h5 33. h4 Qd6
34. b4 Qe6 35. e5 Qd5+ 36. Kf2 Qe4 37. Qc5 Rd5 38. Qe3 Qxb4 39. Rxd3 Qb2+ 40.
Qe2 Qxe2+ 41. Kxe2 Rxe5+ 42. Kf3 Ra5 43. a3 Ra4 44. Rc3 Kg7 45. Ke3 Kf6 46. Kf3
Ke5 47. Kf2 f6 48. Rb3 a6 49. Rc3 Kd5 50. Rf3 Ke5 51. Rc3 Ra5 52. Kg2 g5 53.
Re3+ Kf5 54. hxg5 fxg5 55. Rc3 Ke4 56. Kf2 Kd4 57. Rf3 g4 58. Rf4+ Kc3 59. a4
Kb3 60. Re4 Rf5+ 61. Kg2 a5 62. Rd4 Rc5 63. Rf4 Rc4 64. Rf5 Kxa4 65. Rxh5 Kb4
66. Rh8 a4 67. Rb8+ Kc3 68. Ra8 Kb3 69. Rb8+ Rb4 70. Re8 a3 71. Re3+ Ka4 72.
Re8 a2 73. Kf2 Ka3 0-1

[Event "14. Obert Int. Sant Marti 2012"]
[Site "Barcelona ESP"]
[Date "2012.07.13"]
[Round "1.3"]
[White "Cordova, Emilio"]
[Black "Mamedjarova, Turkan"]
[Result "1-0"]
[WhiteElo "2584"]
[BlackElo "2259"]
[PlyCount "71"]
[EventDate "2012.07.13"]
[EventType "swiss"]
[EventRounds "9"]
[EventCountry "ESP"]
[SourceTitle "Ajedrez en Madrid"]
[Source "lmi"]
[SourceDate "2012.07.13"]
[SourceVersion "1"]
[SourceVersionDate "2019.06.21"]
[SourceQuality "1"]

1. d4 Nf6 2. Nf3 d5 3. c4 e6 4. e3 c6 5. b3 Bb4+ 6. Nbd2 O-O 7. Bd3 Ne4 8. a3
Nxd2 9. axb4 Nxf3+ 10. Qxf3 f5 11. O-O Nd7 12. Qg3 Nf6 13. b5 cxb5 14. cxb5 Bd7
15. Ba3 Rf7 16. Rfc1 Qe8 17. Qd6 Bxb5 18. Bxb5 Qxb5 19. Qxe6 Qd7 20. Qd6 Ne4
21. Qxd7 Rxd7 22. f3 Ng5 23. Bc5 Rc7 24. Bd6 Rxc1+ 25. Rxc1 Ne6 26. Be5 Rd8 27.
Kf2 a5 28. Ke2 b5 29. Rc6 Kf7 30. Ra6 a4 31. bxa4 bxa4 32. Rxa4 Rc8 33. Ra7+
Kf8 34. Kd3 Rc1 35. Bd6+ Kg8 36. Re7 1-0

[Event "14. Obert Int. Sant Marti 2012"]
[Site "Barcelona ESP"]
[Date "2012.07.13"]
[Round "1.4"]
[White "Aranda Gonzalez, Jose"]
[Black "Hernandez Carmenates, Holden"]
[Result "1/2-1/2"]
[WhiteElo "2245"]
[BlackElo "2569"]
[PlyCount "157"]
[EventDate "2012.07.13"]
[EventType "swiss"]
[EventRounds "9"]
[EventCountry "ESP"]
[SourceTitle "Ajedrez en Madrid"]
[Source "lmi"]
[SourceDate "2012.07.13"]
[SourceVersion "1"]
[SourceVersionDate "2019.06.21"]
[SourceQuality "1"]

1. e4 c5 2. Nc3 Nc6 3. g3 g6 4. Bg2 Bg7 5. d3 d6 6. f4 e5 7. Nh3 Nge7 8. O-O
exf4 9. Bxf4 h6 10. Qd2 g5 11. Be3 Be6 12. Nd5 Qd7 13. Nf2 Bxd5 14. exd5 Ne5
15. Qe2 O-O 16. d4 cxd4 17. Bxd4 f5 18. Rad1 g4 19. Kh1 N7g6 20. Nd3 Rae8 21.
Bxe5 Bxe5 22. Qd2 Kg7 23. c4 b6 24. b4 Qe7 25. Rde1 Qf6 26. Nxe5 Nxe5 27. Qd4
Ng6 28. Qf2 Rxe1 29. Qxe1 h5 30. c5 bxc5 31. bxc5 dxc5 32. Qa5 Rf7 33. Qxc5 Qe5
34. Rd1 f4 35. gxf4 Nxf4 36. Qd4 Qxd4 37. Rxd4 Ne2 38. Rd1 Nc3 39. Rd3 Nxa2 40.
d6 Rd7 41. Bc6 Rd8 42. Rd4 Kf6 43. d7 Ke7 44. Ra4 Nc3 45. Rc4 Nd1 46. Rd4 Ne3
47. Ba4 Nf5 48. Re4+ Kd6 49. Re8 Kc7 50. Re5 Ng7 51. Rc5+ Kd6 52. Rg5 Ne6 53.
Rxh5 Nc5 54. Rh6+ Ke5 55. Rh5+ Kd6 56. Rh6+ Ke7 57. Rh7+ Kf6 58. Bc6 Nd3 59.
Rh6+ Ke7 60. Bb5 Ne5 61. Ra6 Rb8 62. Ba4 Ra8 63. Ra5 Nc4 64. Rg5 Rf8 65. Rg7+
Kd8 66. Bb5 Rf1+ 67. Kg2 Ne3+ 68. Kg3 Nf5+ 69. Kg2 Nxg7 70. Kxf1 a5 71. Kf2 Nh5
72. Ke3 Kc7 73. Ba4 g3 74. hxg3 Nxg3 75. Kd3 Nf5 76. Ke4 Nd6+ 77. Kd5 Nb7 78.
Bc6 Nd8 79. Ba4 1/2-1/2

[Event "14. Obert Int. Sant Marti 2012"]
[Site "Barcelona ESP"]
[Date "2012.07.13"]
[Round "1.5"]
[White "Ortiz Suarez, Isan Reynaldo"]
[Black "Ramirez Garcia, Jorge Alberto"]
[Result "1-0"]
[WhiteElo "2562"]
[BlackElo "2241"]
[PlyCount "79"]
[EventDate "2012.07.13"]
[EventType "swiss"]
[EventRounds "9"]
[EventCountry "ESP"]
[SourceTitle "Ajedrez en Madrid"]
[Source "lmi"]
[SourceDate "2012.07.13"]
[SourceVersion "1"]
[SourceVersionDate "2019.06.21"]
[SourceQuality "1"]

1. d4 e6 2. c4 Nf6 3. Nf3 d5 4. Nc3 Bb4 5. Qa4+ Nc6 6. e3 O-O 7. Bd2 dxc4 8.
Bxc4 Bd6 9. Qc2 a6 10. Ne4 Bd7 11. O-O Nb4 12. Bxb4 Nxe4 13. Bxd6 Nxd6 14. Bd3
h6 15. Rfc1 Rc8 16. b4 Bb5 17. Bh7+ Kh8 18. Ne5 Be8 19. Bd3 Bb5 20. Be4 Kg8 21.
a4 Be8 22. Bh7+ Kh8 23. Bd3 f6 24. Nf3 g5 25. Qb2 Kg7 26. Nd2 Bg6 27. Bxg6 Kxg6
28. Nb3 b6 29. Rc6 Nf5 30. Qc2 Kg7 31. Rc1 Rf7 32. Rxe6 Nd6 33. d5 Qd7 34. Nd4
Rg8 35. e4 Kh8 36. Qc6 Rgf8 37. Qxd7 Rxd7 38. Nc6 Rff7 39. e5 Ne4 40. Re8+ 1-0

[Event "14. Obert Int. Sant Marti 2012"]
[Site "Barcelona ESP"]
[Date "2012.07.13"]
[Round "1.6"]
[White "Minguez Rodriguez, Raul"]
[Black "Barsov, Alexei"]
[Result "0-1"]
[WhiteElo "2237"]
[BlackElo "2539"]
[PlyCount "56"]
[EventDate "2012.07.13"]
[EventType "swiss"]
[EventRounds "9"]
[EventCountry "ESP"]
[SourceTitle "Ajedrez en Madrid"]
[Source "lmi"]
[SourceDate "2012.07.13"]
[SourceVersion "1"]
[SourceVersionDate "2019.06.21"]
[SourceQuality "1"]

1. e4 e6 2. d4 d5 3. Nc3 Bb4 4. e5 Ne7 5. Bd2 b6 6. f4 c5 7. Nb5 Bxd2+ 8. Qxd2
O-O 9. Nf3 Ba6 10. c3 Nbc6 11. Nd6 Bxf1 12. Rxf1 f6 13. O-O-O Rb8 14. Qe3 c4
15. g4 b5 16. f5 b4 17. exf6 Rxf6 18. g5 Qxd6 19. gxf6 Nxf5 20. Qg5 bxc3 21.
Nh4 Qxh2 22. Ng2 Rxb2 23. Rxf5 Rxg2 24. Rf2 Rxg5 25. f7+ Kf8 26. Rxh2 Kxf7 27.
Rxh7 Rg2 28. a3 Na5 0-1

[Event "14. Obert Int. Sant Marti 2012"]
[Site "Barcelona ESP"]
[Date "2012.07.13"]
[Round "1.7"]
[White "Moskalenko, Viktor"]
[Black "Capellades Subirana, Marc"]
[Result "1-0"]
[WhiteElo "2591"]
[BlackElo "2233"]
[PlyCount "71"]
[EventDate "2012.07.13"]
[EventType "swiss"]
[EventRounds "9"]
[EventCountry "ESP"]
[SourceTitle "Ajedrez en Madrid"]
[Source "lmi"]
[SourceDate "2012.07.13"]
[SourceVersion "1"]
[SourceVersionDate "2019.06.21"]
[SourceQuality "1"]

1. d4 Nf6 2. c4 e6 3. Nf3 Bb4+ 4. Nbd2 b6 5. e3 Bb7 6. Bd3 Be4 7. Be2 Bxf3 8.
Bxf3 Bxd2+ 9. Bxd2 d5 10. Rc1 O-O 11. Qc2 c6 12. O-O Re8 13. Rfd1 Qe7 14. Be1
Nbd7 15. cxd5 cxd5 16. Be2 a6 17. Qb3 e5 18. dxe5 Qxe5 19. Bf3 Nc5 20. Qxb6
Nce4 21. Qd4 Qf5 22. Bc3 Rac8 23. Bxe4 Rxe4 24. Qd3 Qe6 25. Bd4 Rd8 26. f3 Rh4
27. Qc3 Nh5 28. Rd2 Qh6 29. g4 Nf6 30. Rg2 Ne8 31. Qc6 Nd6 32. Qxd5 Re8 33. Rc6
Rxe3 34. Bxe3 Qxe3+ 35. Kf1 Rh6 36. Re2 1-0

[Event "14. Obert Int. Sant Marti 2012"]
[Site "Barcelona ESP"]
[Date "2012.07.13"]
[Round "1.8"]
[White "Ortega Serra, Marc"]
[Black "Cuartas, Jaime Alexander"]
[Result "0-1"]
[WhiteElo "2223"]
[BlackElo "2523"]
[PlyCount "46"]
[EventDate "2012.07.13"]
[EventType "swiss"]
[EventRounds "9"]
[EventCountry "ESP"]
[SourceTitle "Ajedrez en Madrid"]
[Source "lmi"]
[SourceDate "2012.07.13"]
[SourceVersion "1"]
[SourceVersionDate "2019.06.21"]
[SourceQuality "1"]

1. d4 Nf6 2. Nf3 d5 3. e3 c5 4. b3 cxd4 5. exd4 g6 6. Bd3 Bg7 7. Bb2 O-O 8.
Nbd2 Nc6 9. a3 Bf5 10. Bxf5 gxf5 11. Ne5 e6 12. O-O Rc8 13. Rc1 Kh8 14. c4 Qe7
15. Nxc6 bxc6 16. c5 Bh6 17. Rc3 Bxd2 18. Qxd2 Ne4 19. Qe2 Nxc3 20. Bxc3 Rg8
21. Bd2 Qh4 22. Qe5+ f6 23. Qxe6 Rxg2+ 0-1

[Event "14. Obert Int. Sant Marti 2012"]
[Site "Barcelona ESP"]
[Date "2012.07.13"]
[Round "1.9"]
[White "Gonzalez Garcia, Jose"]
[Black "Ramesa, Marin"]
[Result "1-0"]
[WhiteElo "2518"]
[BlackElo "2214"]
[PlyCount "87"]
[EventDate "2012.07.13"]
[EventType "swiss"]
[EventRounds "9"]
[EventCountry "ESP"]
[SourceTitle "Ajedrez en Madrid"]
[Source "lmi"]
[SourceDate "2012.07.13"]
[SourceVersion "1"]
[SourceVersionDate "2019.06.21"]
[SourceQuality "1"]

1. Nf3 Nf6 2. c4 e6 3. g3 d5 4. Bg2 Be7 5. O-O O-O 6. b3 c5 7. Bb2 Nc6 8. e3 b6
9. Nc3 Bb7 10. cxd5 Nxd5 11. Nxd5 Qxd5 12. d4 Rad8 13. Ne5 Qd6 14. dxc5 Qxd1
15. Rfxd1 Nxe5 16. Bxb7 Nd3 17. cxb6 axb6 18. Bd4 Nc5 19. Bf3 f6 20. Kf1 Kf7
21. Bh5+ g6 22. Be2 e5 23. Bc4+ Kg7 24. Bb2 Rc8 25. Rac1 Rc7 26. b4 Na4 27. Bb3
Rxc1 28. Bxc1 Ra8 29. Rd7 Kf8 30. Bd2 Nb2 31. Rb7 Rd8 32. Bc3 Nd3 33. Rxb6 Nc1
34. b5 Rd3 35. Rc6 Nxb3 36. axb3 Rd1+ 37. Ke2 Rb1 38. b4 Bxb4 39. Rxf6+ Ke7 40.
Bxe5 Bc5 41. Kd3 Rxb5 42. Kc4 Ra5 43. Bc3 Ra3 44. Rc6 1-0

[Event "14. Obert Int. Sant Marti 2012"]
[Site "Barcelona ESP"]
[Date "2012.07.13"]
[Round "1.10"]
[White "Umudova, Nargiz"]
[Black "Lopez Martinez, Josep Manuel"]
[Result "1/2-1/2"]
[WhiteElo "2210"]
[BlackElo "2509"]
[PlyCount "183"]
[EventDate "2012.07.13"]
[EventType "swiss"]
[EventRounds "9"]
[EventCountry "ESP"]
[SourceTitle "Ajedrez en Madrid"]
[Source "lmi"]
[SourceDate "2012.07.13"]
[SourceVersion "1"]
[SourceVersionDate "2019.06.21"]
[SourceQuality "1"]

1. e4 c5 2. Nf3 e6 3. d4 cxd4 4. Nxd4 a6 5. Bd3 Qc7 6. O-O Nf6 7. Qe2 d6 8. c4
Nbd7 9. Nc3 Be7 10. f4 b6 11. Bd2 g6 12. Rae1 O-O 13. Kh1 Bb7 14. e5 dxe5 15.
fxe5 Nh5 16. Bh6 Ng7 17. Be4 Bxe4 18. Nxe4 Rad8 19. Qf2 Nxe5 20. Nf6+ Kh8 21.
Qh4 Nh5 22. Bxf8 Rxf8 23. Qg5 Bxf6 24. Rxf6 Ng4 25. Qxg4 Nxf6 26. Qh4 Nd7 27.
Qe7 Qd8 28. Qd6 Nc5 29. Qe5+ Kg8 30. Qe3 a5 31. b3 Qd7 32. a3 Rd8 33. Nf3 Qd3
34. Qh6 Qc3 35. Rf1 Rd7 36. b4 axb4 37. axb4 Ne4 38. Qf4 Nd2 39. Nxd2 Qxd2 40.
Qb8+ Kg7 41. Qxb6 Qe2 42. Rc1 Qb2 43. Rf1 Qe2 44. Rc1 e5 45. h3 e4 46. Qg1 Qd2
47. c5 Qxb4 48. c6 Rc7 49. Qe3 f5 50. Qf4 Qe7 51. Qe3 Qe5 52. g3 h6 53. h4 Qd6
54. Qc3+ Kf7 55. Qh8 Qxg3 56. Qh7+ Ke6 57. Qg8+ Kf6 58. Qh8+ Ke6 59. Qg8+ Kf6
60. Qh8+ Rg7 61. Qd8+ Re7 62. Qh8+ Ke6 63. Qg8+ Rf7 64. c7 Qxh4+ 65. Kg2 Qg4+
66. Kh2 Qf4+ 67. Kg2 Qf3+ 68. Kh2 Qf2+ 69. Kh3 Qe3+ 70. Kg2 Qd2+ 71. Kh3 Qe3+
72. Kg2 Qd2+ 73. Kh3 Qe3+ 74. Kg2 Qxc1 75. c8=Q+ Qxc8 76. Qxc8+ Kf6 77. Qc3+
Kg5 78. Qg3+ Kf6 79. Qc3+ Kg5 80. Qe3+ f4 81. Qxe4 f3+ 82. Kf2 h5 83. Qe3+ Rf4
84. Qe5+ Rf5 85. Qe3+ Kf6 86. Qd4+ Kf7 87. Qd7+ Kg8 88. Qe6+ Kg7 89. Qe7+ Rf7
90. Qe5+ Kh7 91. Qe6 Rf5 92. Qe7+ 1/2-1/2

[Event "14. Obert Int. Sant Marti 2012"]
[Site "Barcelona ESP"]
[Date "2012.07.13"]
[Round "1.11"]
[White "Venkatesh, M R.."]
[Black "Isgandarova, Khayala"]
[Result "1/2-1/2"]
[WhiteElo "2506"]
[BlackElo "2206"]
[PlyCount "58"]
[EventDate "2012.07.13"]
[EventType "swiss"]
[EventRounds "9"]
[EventCountry "ESP"]
[SourceTitle "Ajedrez en Madrid"]
[Source "lmi"]
[SourceDate "2012.07.13"]
[SourceVersion "1"]
[SourceVersionDate "2019.06.21"]
[SourceQuality "1"]

1. e4 e6 2. d4 d5 3. Nd2 Nf6 4. e5 Nfd7 5. Bd3 c5 6. c3 Nc6 7. Ngf3 Qb6 8. O-O
Be7 9. dxc5 Nxc5 10. Nb3 Nxd3 11. Qxd3 O-O 12. Re1 a5 13. Be3 Qc7 14. Bf4 b5
15. Ng5 Bxg5 16. Bxg5 a4 17. Nd4 Nxd4 18. cxd4 b4 19. Rac1 Qd7 20. Qd2 Ba6 21.
Qxb4 Rab8 22. Qa3 Qb5 23. Qg3 Qd3 24. Re3 Qg6 25. Qh4 Rfc8 26. Rxc8+ Rxc8 27.
h3 Rc1+ 28. Kh2 h6 29. Be7 Qb1 1/2-1/2

[Event "14. Obert Int. Sant Marti 2012"]
[Site "Barcelona ESP"]
[Date "2012.07.13"]
[Round "1.12"]
[White "Montalban Galvez, Antoni"]
[Black "Perez Mitjans, Orelvis"]
[Result "0-1"]
[WhiteElo "2204"]
[BlackElo "2504"]
[PlyCount "44"]
[EventDate "2012.07.13"]
[EventType "swiss"]
[EventRounds "9"]
[EventCountry "ESP"]
[SourceTitle "Ajedrez en Madrid"]
[Source "lmi"]
[SourceDate "2012.07.13"]
[SourceVersion "1"]
[SourceVersionDate "2019.06.21"]
[SourceQuality "1"]

1. Nf3 d5 2. d4 Nc6 3. c4 Bg4 4. cxd5 Bxf3 5. gxf3 Qxd5 6. e3 e5 7. Nc3 Bb4 8.
Bd2 Bxc3 9. bxc3 Qd6 10. Rb1 b6 11. Qc2 Nge7 12. Bd3 O-O-O 13. O-O Ng6 14. Be4
Nh4 15. f4 exf4 16. Qa4 Na5 17. Qb5 Qe6 18. f3 f5 19. Qa6+ Kb8 20. Qxa5 Qg6+
21. Kf2 Qg2+ 22. Ke1 fxe4 0-1

[Event "14. Obert Int. Sant Marti 2012"]
[Site "Barcelona ESP"]
[Date "2012.07.13"]
[Round "1.13"]
[White "Shoker, Samy"]
[Black "Deleyn, Gunter"]
[Result "0-1"]
[WhiteElo "2504"]
[BlackElo "2197"]
[PlyCount "80"]
[EventDate "2012.07.13"]
[EventType "swiss"]
[EventRounds "9"]
[EventCountry "ESP"]
[SourceTitle "Ajedrez en Madrid"]
[Source "lmi"]
[SourceDate "2012.07.13"]
[SourceVersion "1"]
[SourceVersionDate "2019.06.21"]
[SourceQuality "1"]

1. f4 g6 2. g3 Bg7 3. Bg2 c5 4. e4 Nc6 5. Nf3 d6 6. O-O e6 7. c3 Nge7 8. Na3
O-O 9. d3 Rb8 10. Be3 b5 11. Qd2 a5 12. Rfd1 Ba6 13. Nc2 b4 14. d4 cxd4 15.
Ncxd4 bxc3 16. bxc3 Nxd4 17. cxd4 Rb4 18. Rac1 Qb8 19. Bf2 Rc8 20. a3 Rxc1 21.
Rxc1 Ra4 22. Qa2 Bf8 23. Ng5 d5 24. Rb1 Qd6 25. f5 exf5 26. exd5 h6 27. Nf3
Rxa3 28. Qd2 Nxd5 29. Ne5 Nb4 30. Rc1 Ra2 31. Qc3 Rxf2 32. Kxf2 Na2 33. Nxf7
Qe6 34. Qc6 Qe2+ 35. Kg1 Qe3+ 36. Kh1 Qxc1+ 37. Qxc1 Nxc1 38. Bd5 Kg7 39. Nd8
Bd6 40. Nf7 Bc7 0-1

[Event "14. Obert Int. Sant Marti 2012"]
[Site "Barcelona ESP"]
[Date "2012.07.13"]
[Round "1.14"]
[White "Busquets, Luis"]
[Black "Munoz Pantoja, Miguel"]
[Result "0-1"]
[WhiteElo "2193"]
[BlackElo "2496"]
[PlyCount "94"]
[EventDate "2012.07.13"]
[EventType "swiss"]
[EventRounds "9"]
[EventCountry "ESP"]
[SourceTitle "Ajedrez en Madrid"]
[Source "lmi"]
[SourceDate "2012.07.13"]
[SourceVersion "1"]
[SourceVersionDate "2019.06.21"]
[SourceQuality "1"]

1. e4 d5 2. exd5 Qxd5 3. Nc3 Qa5 4. d4 Nf6 5. Nf3 Bg4 6. h3 Bxf3 7. Qxf3 c6 8.
Bd2 Nbd7 9. O-O-O e6 10. Bc4 Bb4 11. a3 Bxc3 12. Qxc3 Qxc3 13. Bxc3 b5 14. Ba2
a5 15. Bd2 O-O 16. Rhe1 b4 17. c4 bxc3 18. bxc3 c5 19. Kc2 Rfc8 20. Kd3 Rd8 21.
Rb1 cxd4 22. cxd4 Nc5+ 23. Ke3 Nce4 24. Red1 h5 25. Rb5 Nd6 26. Rxa5 Nf5+ 27.
Ke2 Nxd4+ 28. Kf1 Nc2 29. Rxa8 Rxa8 30. a4 Ne4 31. Bb1 Nxd2+ 32. Rxd2 Nb4 33.
Rd4 Rb8 34. Be4 g5 35. Bf3 h4 36. Rd7 Na6 37. Bh5 Rb1+ 38. Ke2 Rb2+ 39. Kf3 f6
40. Bf7+ Kf8 41. Bxe6 Nc5 42. Rf7+ Ke8 43. Bd5 Rd2 44. Bc4 Rd4 45. Ba2 Rxa4 46.
Rc7 Ra3+ 47. Kg4 Rxa2 0-1

[Event "14. Obert Int. Sant Marti 2012"]
[Site "Barcelona ESP"]
[Date "2012.07.13"]
[Round "1.15"]
[White "Escobar Forero, Alder"]
[Black "Leiro Giralt, Daniel"]
[Result "1-0"]
[WhiteElo "2487"]
[BlackElo "2214"]
[PlyCount "54"]
[EventDate "2012.07.13"]
[EventType "swiss"]
[EventRounds "9"]
[EventCountry "ESP"]
[SourceTitle "Ajedrez en Madrid"]
[Source "lmi"]
[SourceDate "2012.07.13"]
[SourceVersion "1"]
[SourceVersionDate "2019.06.21"]
[SourceQuality "1"]

1. e4 e5 2. Nf3 Nf6 3. Nxe5 d6 4. Nf3 Nxe4 5. d4 d5 6. Bd3 Nc6 7. O-O Bg4 8.
Nc3 Nxc3 9. bxc3 Be7 10. Rb1 Rb8 11. h3 Bh5 12. Re1 O-O 13. Bf4 Bg6 14. c4 Bxd3
15. Qxd3 dxc4 16. Qxc4 Bd6 17. Bg5 Qd7 18. d5 Na5 19. Qd3 b6 20. Bd2 h6 21. Nd4
Nb7 22. Nf5 Rfe8 23. Qf3 Bf8 24. Bc3 Nd6 25. Nxh6+ gxh6 26. Qf6 Kh7 27. Qh8+
Kg6 1-0

[Event "14. Obert Int. Sant Marti 2012"]
[Site "Barcelona ESP"]
[Date "2012.07.13"]
[Round "1.16"]
[White "Meza Martinez, Alcides Ivan"]
[Black "Asis Gargatagli, Hipolito"]
[Result "0-1"]
[WhiteElo "2187"]
[BlackElo "2482"]
[PlyCount "55"]
[EventDate "2012.07.13"]
[EventType "swiss"]
[EventRounds "9"]
[EventCountry "ESP"]
[SourceTitle "Ajedrez en Madrid"]
[Source "lmi"]
[SourceDate "2012.07.13"]
[SourceVersion "1"]
[SourceVersionDate "2019.06.21"]
[SourceQuality "1"]

1. c4 b6 2. Nf3 Bb7 3. Nc3 e6 4. g3 Nf6 5. Bg2 c5 6. O-O Be7 7. e3 O-O 8. d4
Ne4 9. d5 Nxc3 10. bxc3 Bf6 11. Bb2 exd5 12. cxd5 b5 13. e4 d6 14. Re1 Nd7 15.
Qc2 Nb6 16. Rad1 Re8 17. Nd2 c4 18. f4 Na4 19. Nf3 Qb6+ 20. Kh1 Nc5 21. e5 Nd3
22. Rxd3 cxd3 23. Qxd3 dxe5 24. fxe5 Rad8 25. exf6 Rxe1+ 26. Nxe1 Qf2 27. Nc2
Rxd5 28. Qf1 0-1

[Event "14. Obert Int. Sant Marti 2012"]
[Site "Barcelona ESP"]
[Date "2012.07.13"]
[Round "1.17"]
[White "Deepan, Chakkravarthy J"]
[Black "Hernandez Moya, Yuleisy"]
[Result "1-0"]
[WhiteElo "2468"]
[BlackElo "2177"]
[PlyCount "85"]
[EventDate "2012.07.13"]
[EventType "swiss"]
[EventRounds "9"]
[EventCountry "ESP"]
[SourceTitle "Ajedrez en Madrid"]
[Source "lmi"]
[SourceDate "2012.07.13"]
[SourceVersion "1"]
[SourceVersionDate "2019.06.21"]
[SourceQuality "1"]

1. d4 e6 2. c4 Nf6 3. Nf3 c5 4. Nc3 a6 5. g3 cxd4 6. Nxd4 Be7 7. Bg2 O-O 8. O-O
Qc7 9. Bg5 d6 10. Rc1 Nbd7 11. Qb3 h6 12. Bxf6 Nxf6 13. Rfd1 Rb8 14. Na4 Nd7
15. Qa3 Ne5 16. Qb3 Nc6 17. Qb6 Qxb6 18. Nxb6 Nxd4 19. Rxd4 Rd8 20. Rcd1 Bd7
21. b4 Bc6 22. a4 Bxg2 23. Kxg2 Kf8 24. e4 Ke8 25. a5 Bf6 26. R4d3 Ke7 27. f4
h5 28. c5 dxc5 29. e5 cxb4 30. Kf3 Bxe5 31. fxe5 Rxd3+ 32. Rxd3 Rd8 33. Ke3 f6
34. exf6+ gxf6 35. Rxd8 Kxd8 36. Kd4 Kc7 37. Kc4 Kc6 38. Kxb4 e5 39. Kc4 f5 40.
Nd5 Kd6 41. Nf6 f4 42. Nxh5 f3 43. g4 1-0

[Event "14. Obert Int. Sant Marti 2012"]
[Site "Barcelona ESP"]
[Date "2012.07.13"]
[Round "1.18"]
[White "Dave, Dhyani"]
[Black "Panelo, Marcelo"]
[Result "0-1"]
[WhiteElo "2170"]
[BlackElo "2452"]
[PlyCount "56"]
[EventDate "2012.07.13"]
[EventType "swiss"]
[EventRounds "9"]
[EventCountry "ESP"]
[SourceTitle "Ajedrez en Madrid"]
[Source "lmi"]
[SourceDate "2012.07.13"]
[SourceVersion "1"]
[SourceVersionDate "2019.06.21"]
[SourceQuality "1"]

1. e4 c5 2. Nf3 d6 3. Bb5+ Bd7 4. Bxd7+ Qxd7 5. O-O Nf6 6. Qe2 Nc6 7. c3 e6 8.
d4 cxd4 9. cxd4 d5 10. e5 Ne4 11. Nbd2 Nxd2 12. Bxd2 Be7 13. Be3 O-O 14. Nd2
Rac8 15. Rac1 Na5 16. Qd3 a6 17. f4 f5 18. exf6 Bxf6 19. b3 Nc6 20. Nf3 Nb4 21.
Qd2 Nc6 22. Ne5 Bxe5 23. fxe5 Rxf1+ 24. Kxf1 Rf8+ 25. Ke2 Qf7 26. Kd3 Rc8 27.
h3 Qg6+ 28. Ke2 Qxg2+ 0-1

[Event "14. Obert Int. Sant Marti 2012"]
[Site "Barcelona ESP"]
[Date "2012.07.13"]
[Round "1.19"]
[White "Gonzalez Perez, Arian"]
[Black "Shatko, Danil"]
[Result "1-0"]
[WhiteElo "2452"]
[BlackElo "2143"]
[PlyCount "91"]
[EventDate "2012.07.13"]
[EventType "swiss"]
[EventRounds "9"]
[EventCountry "ESP"]
[SourceTitle "Ajedrez en Madrid"]
[Source "lmi"]
[SourceDate "2012.07.13"]
[SourceVersion "1"]
[SourceVersionDate "2019.06.21"]
[SourceQuality "1"]

1. Nf3 Nf6 2. c4 e6 3. g3 d5 4. Bg2 Be7 5. O-O O-O 6. b3 c5 7. Bb2 Nc6 8. e3 b6
9. Nc3 Bb7 10. cxd5 exd5 11. d4 cxd4 12. Nxd4 Nxd4 13. Qxd4 Qd7 14. Rfd1 Rfd8
15. Rac1 Rac8 16. Ne2 Rxc1 17. Rxc1 Ba6 18. Qd1 h6 19. Nf4 Rc8 20. Rxc8+ Bxc8
21. Bxf6 Bxf6 22. Bh3 Qd8 23. Bxc8 Qxc8 24. Nxd5 Bd8 25. Qd3 Bg5 26. h4 Bd8 27.
Qe4 Qe6 28. Qxe6 fxe6 29. Nb4 Bc7 30. Nc6 a6 31. Nb4 a5 32. Nd3 b5 33. Kg2 Bd6
34. a4 bxa4 35. bxa4 Kf7 36. Kf3 Kf6 37. Ke4 g5 38. hxg5+ hxg5 39. g4 Bc7 40.
Kd4 Ke7 41. Kc5 Kd7 42. Nb2 Be5 43. Nc4 Bc3 44. Kb5 e5 45. e4 Bd4 46. f3 1-0

[Event "14. Obert Int. Sant Marti 2012"]
[Site "Barcelona ESP"]
[Date "2012.07.13"]
[Round "1.21"]
[White "Prasanna, Raghuram Rao"]
[Black "Ponce Garcia, Joan"]
[Result "1-0"]
[WhiteElo "2428"]
[BlackElo "2102"]
[PlyCount "94"]
[EventDate "2012.07.13"]
[EventType "swiss"]
[EventRounds "9"]
[EventCountry "ESP"]
[SourceTitle "Ajedrez en Madrid"]
[Source "lmi"]
[SourceDate "2012.07.13"]
[SourceVersion "1"]
[SourceVersionDate "2019.06.21"]
[SourceQuality "1"]

1. e4 e6 2. d4 d5 3. Nd2 Nf6 4. e5 Nfd7 5. Ngf3 c5 6. c3 Nc6 7. Bd3 cxd4 8.
cxd4 Qb6 9. O-O Nxd4 10. Nxd4 Qxd4 11. Nf3 Qb6 12. Qa4 Qb4 13. Qc2 Qc5 14. Qe2
h6 15. Be3 Qc7 16. Rac1 Qd8 17. Nd4 Nxe5 18. Nb5 Bd6 19. Bf4 f6 20. Bg6+ Ke7
21. Rfe1 a6 22. Nxd6 Qxd6 23. Qh5 Bd7 24. Qh4 Rhc8 25. Rcd1 Rc4 26. Be4 Kf8 27.
b3 Rcc8 28. Bb1 Qe7 29. Qg3 Nf7 30. Rxd5 Bc6 31. Rdd1 Rd8 32. Rc1 Rac8 33. Be3
Bd5 34. Bb6 Rxc1 35. Rxc1 Kg8 36. Bxd8 Qxd8 37. Qc7 Qxc7 38. Rxc7 f5 39. Bd3
Ne5 40. Bc4 Nxc4 41. bxc4 Bc6 42. f3 e5 43. Kf2 e4 44. fxe4 Bxe4 45. g3 h5 46.
h4 Bc6 47. Ke3 Kh8 1-0

[Event "14. Obert Int. Sant Marti 2012"]
[Site "Barcelona ESP"]
[Date "2012.07.13"]
[Round "1.22"]
[White "Ginesta Caballero, Olga Lucia"]
[Black "Rojas Keim, Luis"]
[Result "1/2-1/2"]
[WhiteElo "2093"]
[BlackElo "2426"]
[PlyCount "63"]
[EventDate "2012.07.13"]
[EventType "swiss"]
[EventRounds "9"]
[EventCountry "ESP"]
[SourceTitle "Ajedrez en Madrid"]
[Source "lmi"]
[SourceDate "2012.07.13"]
[SourceVersion "1"]
[SourceVersionDate "2019.06.21"]
[SourceQuality "1"]

1. e4 c5 2. Nc3 Nc6 3. f4 e6 4. Nf3 d5 5. Bb5 dxe4 6. Bxc6+ bxc6 7. Nxe4 Ba6 8.
d3 c4 9. dxc4 Qxd1+ 10. Kxd1 Bxc4 11. Be3 Nf6 12. Nxf6+ gxf6 13. Ke1 Bd6 14.
Kf2 e5 15. Nd2 Bd5 16. c4 exf4 17. Bd4 Be6 18. Ne4 Be7 19. Nxf6+ Kf8 20. Nh5
Rg8 21. Nxf4 Bxc4 22. b3 Bb5 23. Rac1 Rd8 24. Be3 Ba3 25. Rcd1 Rc8 26. Rd7 a5
27. Rhd1 a4 28. Ra7 Rg5 29. Rdd7 Rf5 30. Kg3 Re8 31. Kg4 Rf6 32. Bd4 1/2-1/2